00605 a2200181 4500003000400000005001700004008004100021020001800062040000900080082001500089100003000104245005200134260004200186300001200228942003600240952013000276999001700406OSt20240905122105.0231017b |||||||| |||| 00| 0 eng d a9789957566234 coclc a956bMAH/S aMahmod, Anis Abdel910498 aSULTAN ABDUL HAMEED /cAnis Abdel Khaleq Mahmod aJordan:bCorridors of studies,c2013. a429p. ; 2ddccBKh956iMAH/Sk956mMAH/S 00102ddc40708HISTORYaMESbMEScARBd2023-10-17l0o956 MAH/Sp42975r2023-10-17 12:27:10v1645.00w2023-10-17yBKzU17R2 c42730d42730